000 00776nam a2200241Ia 4500
003 OSt
005 20220923212245.0
006 a|||||r|||| 00| 0
007 ta
008 220922b |||||||| |||| 00| 0 hin d
024 _a151,827
037 _cTextual
040 _aARTS
_cARTS
_bhin
041 _2hin
_ahin
082 _aO111,2J64x, 152M5.3
100 _aशेक्सपियर, विलियम
245 0 _aनाटक
246 _aNāṭaka
260 _aदिल्ली
_b पुस्तकायलय प्रकाशन
_c1985
650 _aअंग्रेजी साहित्य
_9156276
942 _hO111,2J64x, 152M5.3
_cTEXL
_2CC
999 _c307500
_d307500